ილია ჭავჭავაძე ენის შესახებ / (ბიბ.ჩანაწერი № 52520)
[ მარტივი ფორმატი ]
| 000 -ლიდერი | |
|---|---|
| ფიქსირებული სიგრძის საკონტროლო ველი | 00807nam a2200217Ia 4500 |
| 001 - საკონტროლო ნომერი | |
| საკონტროლო ველი | 19544 |
| 003 - საკონტროლო ნომრის იდენტიფიკატორი | |
| საკონტროლო ველი | GE_BSU |
| 005 - ბოლო ოპერაციის თარიღი და დრო | |
| საკონტროლო ველი | 20200227153900.0 |
| 008 - ფიქსირებული სიგრძის მონაცემთა ელემენტები - ზოგადი ინფორმაცია | |
| ფიქსირებული სიგრძის საკონტროლო ველი | 181216s1960||||ge |||||||||||||| ||geo|| |
| 040 ## - კატალოგიზაციის წყარო | |
| Transcribing agency | GE_BSU |
| 041 ## - ენის კოდი | |
| Language code of text/sound track or separate title | geo |
| 080 ## - უნივერსალური ათობითი კლასიფიკაციის ინდექსი | |
| Universal Decimal Classification number | 811.353.1 ი-44 |
| 245 ## - ცნობა სათაურის შესახებ | |
| Title | ილია ჭავჭავაძე ენის შესახებ / |
| Statement of responsibility, etc | შემდგ. ეთ. გელაშვილი ; რედ. ვ. ჯიბუტი |
| 264 ## - წარმოების, გამოცემის, დისტრიბუციის და სხვა ცნობები | |
| გამოცემის, წარმოების, დისტრიბუციის... ადგილი | თბილისი : |
| გამოცემის, წარმოების, დისტრიბუციის... სახელწოდება | ცოდნა, |
| გამოცემის, წარმოების, დისტრიბუციის... თარიღი | 1960 |
| 300 ## - ფიზიკური აღწერა | |
| Extent | 67 გვ. ; |
| Dimensions | 22 სმ. |
| 653 ## - INDEX TERM--UNCONTROLLED | |
| Uncontrolled term | ქართული ენა |
| 700 ## - ADDED ENTRY--PERSONAL NAME | |
| Personal name | გელაშვილი, ეთ. |
| Relator term | შემდგენელი |
| 9 (RLIN) | 7567 |
| 700 ## - ADDED ENTRY--PERSONAL NAME | |
| Personal name | ჯიბუტი, ვ. |
| Relator term | რედაქტორი |
| 9 (RLIN) | 7568 |
| 942 ## - ADDED ENTRY ELEMENTS (KOHA) | |
| Koha item type | წიგნი |
| Source of classification or shelving scheme | |
| ჩამოწერის სტატუსი | დაკარგული ეგზემპლარის სტატუსი | კლასიფიკაციის წყარო ან თაროზე გაწყობის სქემა | დაზიანების სტატუსი | არ გაიცემა | მუდმივი მდებარეობა (დაცვის ადგილი) | ამჟამინდელი ადგილსამყოფელი | თაროზე განთავსების ადგილი | შეძენის თარიღი | ღირებულება, შესყიდვის ნორმალური ფასი | სრული შენახვის შიფრი | შტრიხკოდი | ბოლო ოპერაციის თარიღი | ეგზემპლარის მიმდევრობითი ნომერი (კეტერი?) | ფასის ძალაში შესვლის თარიღი | ეგზემპლარის სახეობა | საჯარო შენიშვნა | Uniform Resource Identifier |
|---|---|---|---|---|---|---|---|---|---|---|---|---|---|---|---|---|---|
| ბათუმის შოთა რუსთაველის სახელმწიფო უნივერსიტეტის მთავარი ბიბლიოთეკა | ბათუმის შოთა რუსთაველის სახელმწიფო უნივერსიტეტის მთავარი ბიბლიოთეკა | წიგნსაცავი | 2018-12-17 | 0.14 | 811.353.1 ი-44 | 51638 | 2018-12-17 | 51638 | 2018-12-17 | წიგნი | 0.14 ლ. | ||||||
| ბათუმის შოთა რუსთაველის სახელმწიფო უნივერსიტეტის მთავარი ბიბლიოთეკა | ბათუმის შოთა რუსთაველის სახელმწიფო უნივერსიტეტის მთავარი ბიბლიოთეკა | წიგნსაცავი | 2018-12-17 | 0.14 | 811.353.1 ი-44 | 51639 | 2018-12-17 | 51639 | 2018-12-17 | წიგნი | 0.14 ლ. | ||||||
| ბათუმის შოთა რუსთაველის სახელმწიფო უნივერსიტეტის მთავარი ბიბლიოთეკა | ბათუმის შოთა რუსთაველის სახელმწიფო უნივერსიტეტის მთავარი ბიბლიოთეკა | წიგნსაცავი | 2018-12-17 | 0.14 | 811.353.1 ი-44 | 51640 | 2018-12-17 | 51640 | 2018-12-17 | წიგნი | 0.14 ლ. | ||||||
| ბათუმის შოთა რუსთაველის სახელმწიფო უნივერსიტეტის მთავარი ბიბლიოთეკა | ბათუმის შოთა რუსთაველის სახელმწიფო უნივერსიტეტის მთავარი ბიბლიოთეკა | წიგნსაცავი | 2018-12-17 | 0.14 | 811.353.1 ი-44 | 51641 | 2018-12-17 | 51641 | 2018-12-17 | წიგნი | 0.14 ლ. | 51641 | |||||
| ბათუმის შოთა რუსთაველის სახელმწიფო უნივერსიტეტის მთავარი ბიბლიოთეკა | ბათუმის შოთა რუსთაველის სახელმწიფო უნივერსიტეტის მთავარი ბიბლიოთეკა | წიგნსაცავი | 2018-12-17 | 0.14 | 811.353.1 ი-44 | 51784 | 2018-12-17 | 51784 | 2018-12-17 | წიგნი | 0.14 ლ. |
